000 01872nam a2200421 c 4500
003 BLK
005 20180420220928.0
008 180408b bul|||||r ||||||| ||bul||
010 _aKNG00039666000
020 _a5-237-01327-9
_bиздат.: АСТ - на том
040 _aBLK
041 _aRUS
_cRUS
080 _aОбщи енциклопедии. Енциклопедични речници. Научни справочници. Отраслови енциклопедии и справочници се класират в съответните отдели с определител за форма
_b03
_x
_z03
080 _aГеография на Европа
_b913(4)
_x(031)
_z913(4)(031)
700 1 _aБагрова, Людмила Алексеевна
_eавт.-состав. на том
_935154
139 _aЯ познаю мир
_bЯ 11
245 1 0 _aЯ познаю мир
_bДет. энцикл. За том: Европа
_cавт.-состав. на том Людмила Алексеевна Багрова.
_pСтраны и народы
257 _aRUS
260 Москва
_c1998 -
_fМинск : ППП им. Я. Коласа
300 _c21 см
380 _a91
490 1 _aЯ познаю мир
650 4 _aЕвропа - енциклопедии
_9275053
651 4 _aЕвропа
_9244407
653 _aЕвропа
653 _aдържави
653 _aградове
653 _aнароди
653 _aенциклопедии
653 _aлитература за деца
653 _aдетска литература
760 1 _3- на том
_dАСТ, 1999
_h448 с. : с ил.
_nПредм.-имен. указ.
_t Страны и народы
852 _aЦб 201842
856 4 _qpdf
_u
856 4 _qpdf
_u
942 _cKNG
_n0
944 _aCR
_c15.01.2003
_kЛюдмила_Стоянова
944 _aED
_c09.12.2005
_k
999 _c36649
_d36649